000 00542nam a2200181Ia 4500
003 IN-BaIIA
008 211028s9999 xx 000 0 eng d
040 _cIIA Library
080 _a[8]:01:00
_bWRI
100 _aWright, Helen
_93031
245 0 _aExplorer of the Universe
_ba biography of George Ellery Hale
_cHelen Wright
260 _aNew York
_bE P Dutton
_c1966
300 _a480p.
490 _aHistory of modern physics and astronomy; v. 14
650 _aBiography
_91224
650 _aGeorge Ellery Hale-Biography
_96695
942 _cBK
999 _c3765
_d3765